A response to the Department of Energy & Climate Change consultation on the Green Deal and Energy Company Obligation (Record no. 113286)
[ view plain ]
| 000 -LEADER | |
|---|---|
| fixed length control field | 01093cad a22002055a 4500 |
| 001 - CONTROL NUMBER | |
| control field | L155015 |
| 008 - FIXED-LENGTH DATA ELEMENTS--GENERAL INFORMATION | |
| fixed length control field | 120220s2012 xxk f 000 0 eng d |
| 035 ## - SYSTEM CONTROL NUMBER | |
| System control number | (Sirsi) u155015 |
| 041 0# - LANGUAGE CODE | |
| Language code of text/sound track or separate title | eng |
| 110 2# - MAIN ENTRY--CORPORATE NAME | |
| Corporate name or jurisdiction name as entry element | Consumer Focus Wales |
| 9 (RLIN) | 6017 |
| 245 02 - TITLE STATEMENT | |
| Title | A response to the Department of Energy & Climate Change consultation on the Green Deal and Energy Company Obligation |
| Remainder of title | January 2012 |
| Medium | [electronic resource] |
| 260 ## - PUBLICATION, DISTRIBUTION, ETC. | |
| Place of publication, distribution, etc. | Cardiff |
| Name of publisher, distributor, etc. | Consumer Focus Wales |
| Date of publication, distribution, etc. | 2012 |
| 520 ## - SUMMARY, ETC. | |
| Summary, etc. | Consumer Focus Wales while welcoming the Energy Company Obligation (ECO) has a number of concerns about the ability of the ECO to tackle fuel poverty. These include the need to ensure that all Welsh households in need benefit from the ECO and that the programme is fully integrated with Welsh government schemes Nest and Arbed. |
| 590 ## - LOCAL NOTE (RLIN) | |
| Local note | KA |
| 651 #4 - SUBJECT ADDED ENTRY--GEOGRAPHIC NAME | |
| Geographic name | Wales |
| Chronological subdivision | 2007- |
| 690 ## - LOCAL SUBJECT ADDED ENTRY--TOPICAL TERM (OCLC, RLIN) | |
| Topical term or geographic name as entry element | Energy |
| 9 (RLIN) | 6237 |
| 690 ## - LOCAL SUBJECT ADDED ENTRY--TOPICAL TERM (OCLC, RLIN) | |
| Topical term or geographic name as entry element | Sustainability |
| 9 (RLIN) | 6271 |
| 856 40 - ELECTRONIC LOCATION AND ACCESS | |
| Uniform Resource Identifier | <a href="https://www.consumerfocus.org.uk/wales/files/2012/02/CFW-response-to-Green-Deal-ECO-Eng.pdf">https://www.consumerfocus.org.uk/wales/files/2012/02/CFW-response-to-Green-Deal-ECO-Eng.pdf</a> |
| Public note | View the response free of charge at www.consumerfocus.org.uk |
| 942 ## - ADDED ENTRY ELEMENTS (KOHA) | |
| Suppress in OPAC | 0 |
| Withdrawn status | Lost status | Source of classification or shelving scheme | Damaged status | Not for loan | Home library | Current library | Shelving location | Date acquired | Total Checkouts | Full call number | Barcode | Date last seen | Copy number | Price effective from | Koha item type |
|---|---|---|---|---|---|---|---|---|---|---|---|---|---|---|---|
| Dewey Decimal Classification | Virtual | Virtual | Online | 20/02/2012 | ONLINE PUBLICATION | 155015-2001 | 06/08/2019 | 1 | 06/08/2019 | Book |